Daňové raje bakalárska práca

Salvato in:
Dettagli Bibliografici
Autore principale: Horňáková, Eliška
Ente Autore: Fakulta podnikového manažmentu EU. Katedra podnikových financií
Altri autori: Linkayová, Lucia
Natura: Libro
Lingua:slovacco
Pubblicazione: Bratislava 2012
Tags: Aggiungi Tag
Nessun Tag, puoi essere il primo ad aggiungerne!!

MARC

LEADER 00000nbm a2200000 4500
001 0154116
005 20161109111822.1
041 0 |a slo 
044 |a SK 
245 1 0 |a Daňové raje  |b bakalárska práca  |c Eliška Horňáková ; školiteľ: Lucia Linkayová 
264 1 |a Bratislava  |c 2012 
300 |a 61 s. 
100 1 |a Horňáková, Eliška 
700 1 |a Linkayová, Lucia 
710 2 |a Fakulta podnikového manažmentu EU. Katedra podnikových financií